[Event "Chervonny Open-2011"]
[Site "?"]
[Date "2011.09.22"]
[Round "1"]
[White "Stoletov, Gennadi"]
[Black "Kovalev, Aleksandr"]
[Result "1-0"]
[WhiteElo "2246"]
[BlackElo "1955"]
[PlyCount "119"]
[EventDate "2011.10.01"]
[SourceDate "2011.10.01"]

1. d4 d5 2. Bf4 c5 3. e3 Nc6 4. Nf3 Bg4 5. Be2 Bxf3 6. Bxf3 e6 7. O-O Nf6 8. c3
Be7 9. Nd2 O-O 10. Qb3 Qb6 11. Qxb6 axb6 12. Bc7 Bd8 13. Bd6 Be7 14. Bc7 Bd8
15. Bg3 Nd7 16. a3 Be7 17. Rfd1 h6 18. h3 Rfd8 19. Nb3 Na5 20. Nxa5 bxa5 21. e4
Nf6 22. exd5 exd5 23. dxc5 Bxc5 24. Bc7 Rd7 25. Be5 Rad8 26. b4 Bb6 27. Bd4 Bc7
28. bxa5 Bxa5 29. Rab1 Ne4 30. Rd3 Re8 31. Bd1 Rde7 32. Ba4 Rc8 33. Rb5 Bc7 34.
g3 Be5 35. Rxd5 Nxc3 36. Rxe5 Rxe5 37. Rxc3 Rxc3 38. Bxc3 Rd5 39. Bb4 Rd3 40.
Kf1 h5 41. h4 g6 42. Ke2 Rd8 43. Bc2 Kh7 44. Be4 Rd7 45. Bd3 f6 46. Bb5 Rd5 47.
a4 g5 48. hxg5 fxg5 49. Bd3+ Kg7 50. Be4 Rd7 51. a5 Kf7 52. Ke3 Ke6 53. Bf3 Rh7
54. Be4 Rd7 55. Bf3 Rh7 56. Be4 Rd7 57. f4 gxf4+ 58. gxf4 h4 59. Bg2 Rg7 60.
Bh3+ 1-0

[Event "Chervonny Open-2011"]
[Site "?"]
[Date "2011.09.22"]
[Round "1"]
[White "Anikeev, Anatoliy"]
[Black "Nazarov, Valeriy"]
[Result "1/2-1/2"]
[WhiteElo "1908"]
[BlackElo "2235"]
[PlyCount "75"]
[EventDate "2011.10.01"]
[SourceDate "2011.10.01"]

1. d4 Nf6 2. Nf3 b6 3. c4 Bb7 4. e3 e6 5. a3 d5 6. Nc3 Nbd7 7. Bd2 Ne4 8. Rc1
Be7 9. cxd5 exd5 10. Be2 O-O 11. O-O c5 12. Bd3 Bf6 13. dxc5 Ndxc5 14. Bb1 Rc8
15. b4 Nxd2 16. Nxd2 Ne6 17. Ne2 Qd7 18. Nf3 Ba6 19. Re1 Bc4 20. Ned4 g6 21. g3
Rfd8 22. h4 h5 23. Bc2 a5 24. bxa5 bxa5 25. Ba4 Qd6 26. Bc2 Kg7 27. a4 Rc7 28.
Bd3 Rdc8 29. Nb5 Bxb5 30. Rxc7 Rxc7 31. Bxb5 Qc5 32. Qe2 Qc3 33. Rd1 Rc5 34.
Kg2 Nc7 35. Bd7 Qc2 36. Qxc2 Rxc2 37. Nd4 Bxd4 38. Rxd4 1/2-1/2

[Event "Chervonny Open-2011"]
[Site "?"]
[Date "2011.09.22"]
[Round "1"]
[White "Ivanov, Valery"]
[Black "Tokarzhevskiy, Aleksey"]
[Result "0-1"]
[WhiteElo "2177"]
[BlackElo "1905"]
[PlyCount "96"]
[EventDate "2011.10.01"]
[SourceDate "2011.10.01"]

1. e4 e6 2. d4 d5 3. Nc3 Bb4 4. e5 c5 5. a3 Bxc3+ 6. bxc3 Ne7 7. Qg4 Ng6 8. Nf3
f5 9. Qh5 cxd4 10. cxd4 Qc7 11. Bd2 Qxc2 12. Ng5 Nc6 13. Bb5 Qb2 14. Bxc6+ bxc6
15. Rc1 Qxd4 16. f4 Ba6 17. Rxc6 Qa1+ 18. Rc1 Qd4 19. Rc6 Qa1+ 20. Qd1 Qxa3 21.
Rxe6+ Ne7 22. Qb1 O-O 23. Qb4 Qd3 24. Rxa6 Qxa6 25. Kf2 Qb6+ 26. Qxb6 axb6 27.
Bb4 Rfe8 28. Rd1 Nc6 29. Bd6 d4 30. Nf3 Ra4 31. Rb1 Ra2+ 32. Kg3 Ra6 33. Rb3
Ra4 34. Rb2 d3 35. Rxb6 Nd4 36. Nxd4 Rxd4 37. Rb1 Rc8 38. Rd1 d2 39. Kf3 Rc1
40. Ke2 Rxd1 41. Kxd1 Rxf4 42. Kxd2 Rf2+ 43. Ke3 Rxg2 44. h4 Kf7 45. Kf3 Rg1
46. Kf4 g6 47. h5 Rg4+ 48. Kf3 g5 0-1

[Event "Chervonny Open-2011"]
[Site "?"]
[Date "2011.09.22"]
[Round "1"]
[White "Poluhovich, Igor"]
[Black "Dzera, Evgeniy"]
[Result "0-1"]
[WhiteElo "1848"]
[BlackElo "2177"]
[PlyCount "48"]
[EventDate "2011.10.01"]
[SourceDate "2011.10.01"]

1. e4 g6 2. d4 Bg7 3. Nc3 d6 4. Be2 Nf6 5. h4 h5 6. Bg5 c6 7. Nh3 Qa5 8. f3
Nbd7 9. Qd3 b5 10. O-O b4 11. Nd1 c5 12. c3 Qb6 13. Ne3 a5 14. e5 dxe5 15. Bxf6
Bxf6 16. f4 cxd4 17. Nd5 Qa7 18. c4 Nc5 19. Qf3 e4 20. Qf2 d3 21. Bd1 Bxh3 22.
gxh3 Ne6 23. Ba4+ Kf8 24. Nb6 Bd4 0-1

[Event "Chervonny Open-2011"]
[Site "?"]
[Date "2011.09.22"]
[Round "1"]
[White "Popelyshev, Igor V."]
[Black "Guseva, Antonina"]
[Result "1-0"]
[WhiteElo "2154"]
[BlackElo "1621"]
[PlyCount "54"]
[EventDate "2011.10.01"]
[SourceDate "2011.10.01"]

1. e4 c6 2. Nc3 d5 3. Nf3 Bg4 4. Be2 Bxf3 5. Bxf3 e6 6. d4 Bb4 7. O-O Bxc3 8.
bxc3 Ne7 9. Qd3 Nd7 10. exd5 cxd5 11. c4 dxc4 12. Qxc4 Rc8 13. Qa4 Qb6 14. Ba3
Qa6 15. Qb4 O-O 16. Qxe7 Rfd8 17. Rab1 b6 18. d5 Qc4 19. dxe6 Qxe6 20. Rbd1 Qf5
21. Bc6 Qxc2 22. Rxd7 Rxd7 23. Bxd7 Rb8 24. Be8 h6 25. Qxf7+ Kh7 26. Bd6 Rxe8
27. Qxe8 Qxa2 1-0

[Event "Chervonny Open-2011"]
[Site "?"]
[Date "2011.09.22"]
[Round "1"]
[White "Kroll, Dmitry V"]
[Black "Gavrilov, Yuri"]
[Result "0-1"]
[WhiteElo "1568"]
[BlackElo "2093"]
[PlyCount "94"]
[EventDate "2011.10.01"]
[SourceDate "2011.10.01"]

1. e4 c5 2. Nf3 Nc6 3. d4 cxd4 4. Nxd4 Nf6 5. Nc3 a6 6. Be2 e6 7. Nxc6 bxc6 8.
e5 Nd5 9. Ne4 Be7 10. c4 Nb6 11. Nd6+ Bxd6 12. Qxd6 Qe7 13. Qxe7+ Kxe7 14. Be3
Rb8 15. Bc5+ Ke8 16. Bd6 Ra8 17. Bc7 Na4 18. b4 Ra7 19. Ba5 Rb7 20. c5 Rb8 21.
Kd2 f6 22. exf6 g6 23. Rab1 Kf7 24. Bd1 Nxc5 25. bxc5 Rxb1 26. Kc2 Rb5 27. Bb6
Rb4 28. f3 d5 29. Be2 e5 30. g3 Kxf6 31. a3 Ra4 32. Kb3 Rd4 33. Ba5 Bd7 34. a4
Rb8+ 35. Ka3 Bf5 36. Bc3 Rd3 37. Bxd3 Bxd3 38. Rd1 Bc4 39. Bd2 Rb3+ 40. Ka2
Rxf3+ 41. Kb2 Rf2 42. Kc3 Rxh2 43. Kb4 Kf5 44. Ka5 Bb3 45. Rf1+ Ke4 46. Bb4 Ra2
47. Re1+ Kd4 0-1

[Event "Chervonny Open-2011"]
[Site "?"]
[Date "2011.09.22"]
[Round "1"]
[White "Matveev, Aleksandr"]
[Black "Guseva, Lidia"]
[Result "1-0"]
[WhiteElo "2072"]
[BlackElo "1502"]
[PlyCount "53"]
[EventDate "2011.10.01"]
[SourceDate "2011.10.01"]

1. d4 d5 2. c4 c6 3. Nc3 Nf6 4. Nf3 Nbd7 5. cxd5 Nxd5 6. e4 N5b6 7. Bd3 e6 8.
O-O Be7 9. Qe2 Nf6 10. Bg5 h6 11. Bh4 Ng4 12. Bxe7 Qxe7 13. e5 h5 14. Ne4 Nd5
15. Nd6+ Kd7 16. Be4 Nf4 17. Qd2 Nxh2 18. Kxh2 g5 19. g3 Nh3 20. Kxh3 g4+ 21.
Kg2 gxf3+ 22. Bxf3 h4 23. Rh1 Rg8 24. Qf4 f6 25. Rxh4 fxe5 26. dxe5 b6 27. Rc1
1-0

[Event "Chervonny Open-2011"]
[Site "?"]
[Date "2011.09.23"]
[Round "2"]
[White "Blinov, Sergey"]
[Black "Stoletov, Gennadi"]
[Result "0-1"]
[WhiteElo "1964"]
[BlackElo "2246"]
[PlyCount "44"]
[EventDate "2011.10.01"]
[SourceDate "2011.10.01"]

1. Nf3 c5 2. b3 Nc6 3. Bb2 d6 4. g3 e5 5. d3 Be7 6. Bg2 Be6 7. c4 Qd7 8. Nbd2
Bh3 9. O-O h5 10. Kh1 h4 11. Bxh3 Qxh3 12. Rg1 hxg3 13. fxg3 Nh6 14. Qf1 Qh5
15. Qg2 Ng4 16. Nf1 Rh7 17. Bc1 O-O-O 18. Ne3 f5 19. h4 Kb8 20. Nd5 Bxh4 21.
gxh4 Qxh4+ 22. Nxh4 Rxh4+ 0-1

[Event "Chervonny Open-2011"]
[Site "?"]
[Date "2011.09.23"]
[Round "2"]
[White "Dzera, Evgeniy"]
[Black "Matveev, Aleksandr"]
[Result "1-0"]
[WhiteElo "2177"]
[BlackElo "2072"]
[PlyCount "93"]
[EventDate "2011.10.01"]
[SourceDate "2011.10.01"]

1. c4 Nf6 2. g3 g6 3. Bg2 Bg7 4. d4 c5 5. d5 d6 6. Nc3 O-O 7. Nf3 Nbd7 8. O-O
Ng4 9. Qc2 Nge5 10. Nd2 Nf6 11. h3 a6 12. a4 e6 13. Ra3 exd5 14. cxd5 Rb8 15.
a5 b5 16. axb6 Rxb6 17. f4 Ned7 18. Nc4 Rb4 19. Nxd6 Qb6 20. Nxc8 Rxc8 21. e4
Nh5 22. Kh2 Bd4 23. e5 Rb8 24. d6 Rb3 25. Rxb3 Qxb3 26. Qxb3 Rxb3 27. Bc6 Nb8
28. Ba4 Rb7 29. Rd1 Ng7 30. Ne4 Ne6 31. b3 Kf8 32. Ba3 h6 33. Kg2 Nd7 34. Bxd7
Rxd7 35. Rc1 Rb7 36. Nxc5 Bxc5 37. Bxc5 Ke8 38. b4 Kd7 39. Ra1 Nxc5 40. bxc5
Ra7 41. Ra5 Kc6 42. Kf3 Ra8 43. Ke4 Ra7 44. f5 Ra8 45. fxg6 fxg6 46. e6 Ra7 47.
Ke5 1-0

[Event "Chervonny Open-2011"]
[Site "?"]
[Date "2011.09.23"]
[Round "2"]
[White "Tokarzhevskiy, Aleksey"]
[Black "Popelyshev, Igor V."]
[Result "0-1"]
[WhiteElo "1905"]
[BlackElo "2154"]
[PlyCount "40"]
[EventDate "2011.10.01"]
[SourceDate "2011.10.01"]

1. e4 c5 2. f4 e6 3. c4 Nc6 4. Nf3 Nge7 5. d4 cxd4 6. Nxd4 Nxd4 7. Qxd4 Nc6 8.
Qd1 Bc5 9. a3 a5 10. Nc3 O-O 11. Na4 Bd4 12. Qd3 d5 13. cxd5 exd5 14. e5 f6 15.
exf6 Qxf6 16. Bd2 Re8+ 17. Kd1 Bxb2 18. Nxb2 Qxb2 19. Rb1 Bg4+ 20. Be2 Bxe2+
0-1

[Event "Chervonny Open-2011"]
[Site "?"]
[Date "2011.09.23"]
[Round "2"]
[White "Nazarov, Valeriy"]
[Black "An, Yuriy"]
[Result "1-0"]
[WhiteElo "2235"]
[BlackElo "1976"]
[PlyCount "69"]
[EventDate "2011.10.01"]
[SourceDate "2011.10.01"]

1. e4 g6 2. d4 Bg7 3. c4 c6 4. Nc3 c5 5. d5 d6 6. h3 Nf6 7. Nf3 a6 8. Bd3 Nbd7
9. O-O O-O 10. Bf4 Nh5 11. Bh2 Ne5 12. g4 Nxd3 13. Qxd3 Nf6 14. e5 Ne8 15. Bg3
h5 16. gxh5 Bxh3 17. hxg6 fxg6 18. Ng5 Bf5 19. Qe3 Bh6 20. Kg2 e6 21. f4 dxe5
22. Rh1 Bxg5 23. fxg5 Ng7 24. Bxe5 Nh5 25. Rh4 Rf7 26. Rd1 Qe7 27. d6 Qd8 28.
Ne2 Qd7 29. Ng3 Qc6+ 30. Kh2 Rh7 31. Nxh5 Rxh5 32. Rxh5 gxh5 33. g6 Qe4 34.
Qxe4 Bxe4 35. d7 1-0

[Event "Chervonny Open-2011"]
[Site "?"]
[Date "2011.09.23"]
[Round "2"]
[White "Presnyakov, Semen"]
[Black "Anikeev, Anatoliy"]
[Result "1/2-1/2"]
[WhiteElo "1986"]
[BlackElo "1908"]
[PlyCount "58"]
[EventDate "2011.10.01"]
[SourceDate "2011.10.01"]

1. d4 d5 2. c4 c6 3. Nc3 Nf6 4. Nf3 Bf5 5. e3 e6 6. Be2 Nbd7 7. cxd5 exd5 8.
O-O Bd6 9. Nh4 Be6 10. Bd3 Qc7 11. Nf3 O-O 12. b3 Bg4 13. h3 Bh5 14. a4 Rae8
15. Ba3 Ne4 16. Qc2 Bxa3 17. Rxa3 f5 18. b4 Ndf6 19. Ne5 Qe7 20. Rb3 Nd7 21.
Nxd7 Qxd7 22. b5 c5 23. Bxe4 fxe4 24. dxc5 Rc8 25. Ne2 Bxe2 26. Qxe2 Rxc5 27.
Qd2 Rfc8 28. Rd1 Qf7 29. Rb2 b6 1/2-1/2

[Event "Chervonny Open-2011"]
[Site "?"]
[Date "2011.09.23"]
[Round "2"]
[White "Guseva, Lidia"]
[Black "Ivanov, Valery"]
[Result "0-1"]
[WhiteElo "1502"]
[BlackElo "2177"]
[PlyCount "56"]
[EventDate "2011.10.01"]
[SourceDate "2011.10.01"]

1. e4 d6 2. Nf3 c5 3. Nc3 Nf6 4. Bc4 e6 5. d3 h6 6. Bf4 Nc6 7. e5 dxe5 8. Bxe5
Nxe5 9. Nxe5 Bd6 10. Qe2 O-O 11. Nf3 b5 12. Bb3 Bb7 13. a4 Qb6 14. Rd1 Rac8 15.
Ne4 Nxe4 16. dxe4 c4 17. Ba2 Rfd8 18. O-O a6 19. e5 Bc5 20. Rxd8+ Rxd8 21. c3
Bd5 22. Rd1 Bxf3 23. Rxd8+ Qxd8 24. Qxf3 Qd2 25. g3 Qxb2 26. Qa8+ Kh7 27. Qe4+
g6 28. Qb1 Qxf2+ 0-1

[Event "Chervonny Open-2011"]
[Site "?"]
[Date "2011.09.23"]
[Round "3"]
[White "Popelyshev, Igor V"]
[Black "Dzera, Evgeniy"]
[Result "1-0"]
[WhiteElo "2154"]
[BlackElo "2177"]
[PlyCount "48"]
[EventDate "2011.09.28"]
[SourceDate "2011.09.30"]

1. e4 g6 2. d4 Bg7 3. Nc3 d6 4. Be3 c6 5. Qd2 b5 6. Bd3 a5 7. f4 e5 8. Nf3 exd4
9. Bxd4 Bxd4 10. Nxd4 Qf6 11. Bxb5 cxb5 12. Ndxb5 Kf8 13. Nxd6 Be6 14. O-O Nc6
15. f5 gxf5 16. exf5 Bd7 17. Rad1 Be8 18. Nce4 Qe5 19. f6 Rd8 20. Qe3 h5 21.
Rf5 Qxf5 22. Nxf5 Rxd1+ 23. Kf2 Rd5 24. Qg5 Rh7 1-0

[Event "Chervonny Open-2011"]
[Site "?"]
[Date "2011.09.23"]
[Round "3"]
[White "Stoletov, Gennadi"]
[Black "Gavrilov, Yuri"]
[Result "1-0"]
[WhiteElo "2246"]
[BlackElo "2093"]
[PlyCount "95"]
[EventDate "2011.09.28"]
[SourceDate "2011.09.30"]

1. e4 c5 2. Nf3 Nc6 3. Bb5 Nd4 4. Nxd4 cxd4 5. O-O a6 6. Bc4 e6 7. a4 g6 8. c3
Bg7 9. Qf3 Ne7 10. cxd4 Bxd4 11. Nc3 O-O 12. d3 Nc6 13. Bh6 Bg7 14. Bxg7 Kxg7
15. Qg3 d6 16. Kh1 Nd4 17. f4 f5 18. Qf2 Qf6 19. Rae1 Nc6 20. Qe3 Qd4 21. Qe2
Bd7 22. Qe3 Rae8 23. Qc1 Nb4 24. Ne2 Qb6 25. Qc3+ Kg8 26. exf5 d5 27. fxe6 Bxe6
28. Nd4 Bf7 29. Rxe8 Rxe8 30. Bb5 axb5 31. Qxb4 Re3 32. a5 Qf6 33. Nxb5 Rxd3
34. Nd6 d4 35. Nxf7 Qxf7 36. Qd6 Rd2 37. Re1 d3 38. Kg1 Re2 39. Rd1 Qb3 40.
Rxd3 Qxb2 41. Qd8+ Kf7 42. Rd7+ Ke6 43. Qe7+ Kf5 44. Qf7+ Ke4 45. Qd5+ Kxf4 46.
Rf7+ Kg4 47. Qf3+ Kg5 48. Qf4+ 1-0

[Event "Chervonny Open-2011"]
[Site "?"]
[Date "2011.09.23"]
[Round "3"]
[White "Matveev, Aleksandr"]
[Black "Tokarzhevskiy, Aleksey"]
[Result "1-0"]
[WhiteElo "2072"]
[BlackElo "1905"]
[PlyCount "95"]
[EventDate "2011.09.28"]
[SourceDate "2011.09.30"]

1. c4 e5 2. Nc3 Nf6 3. g3 d5 4. cxd5 Nxd5 5. Bg2 Be6 6. Nf3 Nc6 7. O-O Bc5 8.
a3 a5 9. d3 h6 10. Bd2 O-O 11. Rc1 Bb6 12. Na4 Qd7 13. Nxb6 cxb6 14. e4 Nde7
15. Bc3 f6 16. Qe2 Bb3 17. Nd2 Ba4 18. Nc4 Ra6 19. f4 b5 20. Ne3 b4 21. Be1 Rd8
22. Nd5 Nd4 23. Qe3 bxa3 24. bxa3 Nc2 25. Qc5 Nxd5 26. exd5 Rc8 27. Qf2 Nxa3
28. Rxc8+ Qxc8 29. fxe5 fxe5 30. Qf7+ Kh8 31. Be4 Ra8 32. Bc3 Qg8 33. Qxb7 Rf8
34. Ra1 Rb8 35. Qc7 Nb5 36. Qxa5 Nxc3 37. Qxc3 Qf8 38. Rf1 Qe8 39. Qd2 Bd7 40.
Qf2 Bh3 41. Re1 Qe7 42. Qe3 Rf8 43. Bg2 Bxg2 44. Kxg2 Re8 45. Qe4 Qc5 46. d4
Qb4 47. dxe5 Qxe4+ 48. Rxe4 1-0

[Event "Chervonny Open-2011"]
[Site "?"]
[Date "2011.09.23"]
[Round "3"]
[White "Ivanov, Valery"]
[Black "Anikeev, Anatoliy"]
[Result "1-0"]
[WhiteElo "2177"]
[BlackElo "1908"]
[PlyCount "53"]
[EventDate "2011.09.28"]
[SourceDate "2011.09.30"]

1. e4 c5 2. Nf3 e6 3. d4 cxd4 4. Nxd4 d6 5. Nc3 a6 6. Be3 Nf6 7. f4 Qc7 8. Qf3
Nc6 9. Nb3 b5 10. O-O-O Bb7 11. Kb1 Be7 12. g4 O-O 13. g5 Nd7 14. h4 Nb4 15. a3
Nc6 16. h5 f5 17. Bd3 Nc5 18. Rh2 Nxd3 19. cxd3 fxe4 20. dxe4 Ne5 21. Qh3 Nc4
22. Qxe6+ Kh8 23. h6 Nxe3 24. hxg7+ Kxg7 25. Rxh7+ Kxh7 26. Qh6+ Kg8 27. Qg6+
1-0

[Event "Chervonny Open-2011"]
[Site "?"]
[Date "2011.09.23"]
[Round "3"]
[White "An, Yuriy"]
[Black "Kroll, Dmitry V"]
[Result "1-0"]
[WhiteElo "1976"]
[BlackElo "1568"]
[PlyCount "61"]
[EventDate "2011.09.28"]
[SourceDate "2011.09.28"]

1. d4 d5 2. c4 e6 3. e3 Nf6 4. a3 c5 5. dxc5 a5 6. cxd5 exd5 7. Bb5+ Bd7 8.
Bxd7+ Nbxd7 9. Nc3 Nxc5 10. Nf3 Be7 11. O-O O-O 12. a4 Rc8 13. Nd4 Nfe4 14.
Ncb5 Qd7 15. Qe2 Ne6 16. b3 Nd6 17. Bb2 Nxd4 18. Nxd4 Bf6 19. Rfd1 Ne4 20. Nb5
Bxb2 21. Qxb2 Rfd8 22. Rd4 Qf5 23. Rad1 Nf6 24. R4d2 Rc5 25. Nd4 Qe5 26. b4
axb4 27. Qxb4 Ne4 28. Nf3 Qc7 29. Qxe4 Qa5 30. h3 g6 31. Qe7 1-0

[Event "Chervonny Open-2011"]
[Site "?"]
[Date "2011.09.23"]
[Round "3"]
[White "Guseva, Antonina"]
[Black "Poluhovich, Igor"]
[Result "1/2-1/2"]
[WhiteElo "1621"]
[BlackElo "1848"]
[PlyCount "23"]
[EventDate "2011.09.28"]
[SourceDate "2011.09.28"]

1. e4 e5 2. Nf3 Nc6 3. Bc4 Nf6 4. d4 exd4 5. O-O d6 6. Ng5 Ne5 7. Qxd4 h6 8. f4
Nxc4 9. Qxc4 hxg5 10. fxg5 Be6 11. Qe2 Nd7 12. Nc3 1/2-1/2

[Event "Chervonny Open-2011"]
[Site "?"]
[Date "2011.09.24"]
[Round "4"]
[White "Popelyshev, Igor V"]
[Black "Stoletov, Gennadi"]
[Result "0-1"]
[WhiteElo "2154"]
[BlackElo "2246"]
[PlyCount "55"]
[EventDate "2011.09.28"]
[SourceDate "2011.09.28"]

1. e4 c5 2. Ne2 Nc6 3. Nbc3 d6 4. d4 cxd4 5. Nxd4 e5 6. Ndb5 a6 7. Na3 b5 8.
Nd5 Be6 9. c3 Nf6 10. Bg5 h6 11. Bxf6 gxf6 12. Nc2 Bxd5 13. Qxd5 Ne7 14. Qb3
Bg7 15. a4 O-O 16. axb5 axb5 17. Bxb5 Rxa1+ 18. Nxa1 f5 19. exf5 Nxf5 20. O-O
d5 21. Nc2 d4 22. Bd3 Qg5 23. Bxf5 Qxf5 24. cxd4 exd4 25. Ne1 Re8 26. Nd3 Re2
27. Qd1 Re6 28. Re1 0-1

[Event "Chervonny Open-2011"]
[Site "?"]
[Date "2011.09.24"]
[Round "4"]
[White "Dzera, Evgeniy"]
[Black "An, Yuriy"]
[Result "1-0"]
[WhiteElo "2177"]
[BlackElo "1976"]
[PlyCount "83"]
[EventDate "2011.09.28"]
[SourceDate "2011.09.28"]

1. c4 e5 2. Nc3 f5 3. g3 Nf6 4. Bg2 Bb4 5. Qb3 Bxc3 6. bxc3 Nc6 7. Ba3 d6 8.
Nf3 O-O 9. O-O Rb8 10. d3 Na5 11. Qc2 c5 12. Nd2 Nc6 13. e3 Na5 14. f3 b6 15.
d4 Ba6 16. Qxf5 Nxc4 17. Qe6+ Kh8 18. Nxc4 Re8 19. Qxd6 Bxc4 20. Qxd8 Rbxd8 21.
Rfd1 Nd5 22. dxc5 b5 23. e4 Nxc3 24. Rd6 a5 25. Bb2 Rxd6 26. cxd6 Na4 27. Bxe5
Nc5 28. Bd4 Nd7 29. f4 Kg8 30. e5 Kf7 31. Bc6 Rd8 32. f5 Nb8 33. Bb7 g6 34. g4
gxf5 35. gxf5 Rg8+ 36. Kf2 Rg5 37. Bc8 Bd5 38. e6+ Kf8 39. Ke3 Rh5 40. d7 Nc6
41. Bc5+ Kg7 42. e7 1-0

[Event "Chervonny Open-2011"]
[Site "?"]
[Date "2011.09.24"]
[Round "4"]
[White "Blinov, Sergey"]
[Black "Ivanov, Valery"]
[Result "1/2-1/2"]
[WhiteElo "1964"]
[BlackElo "2177"]
[PlyCount "39"]
[EventDate "2011.09.28"]
[SourceDate "2011.09.28"]

1. Nf3 Nf6 2. b3 d5 3. e3 Bf5 4. Bb2 e6 5. h3 h6 6. a4 Bd6 7. Bd3 Bxd3 8. cxd3
O-O 9. O-O Nbd7 10. d4 c5 11. Ba3 Qe7 12. dxc5 Nxc5 13. d4 Nce4 14. Bxd6 Qxd6
15. Ne5 Rac8 16. f3 Nc3 17. Qd2 Nxb1 18. Raxb1 Rc7 19. Rfc1 Rfc8 20. Nd3
1/2-1/2

[Event "Chervonny Open-2011"]
[Site "?"]
[Date "2011.09.24"]
[Round "4"]
[White "Presnyakov, Semen"]
[Black "Matveev, Aleksandr"]
[Result "1/2-1/2"]
[WhiteElo "1986"]
[BlackElo "2072"]
[PlyCount "99"]
[EventDate "2011.09.28"]
[SourceDate "2011.09.28"]

1. c4 Nf6 2. d4 e6 3. g3 c5 4. Nf3 cxd4 5. Nxd4 Nc6 6. Bg2 Be7 7. O-O O-O 8.
Nc3 a6 9. Bf4 Nh5 10. Be3 g6 11. Qd2 Ng7 12. Rfd1 Ne5 13. b3 Ng4 14. Nf3 Nxe3
15. Qxe3 Qc7 16. Na4 Rb8 17. Qb6 Qxb6 18. Nxb6 Rd8 19. Rd3 d6 20. Nxc8 Rdxc8
21. Rad1 e5 22. Nd2 f5 23. Bd5+ Kf8 24. e4 Rd8 25. Kg2 f4 26. Nb1 Nh5 27. Nc3
Kg7 28. Be6 fxg3 29. fxg3 Nf6 30. Rf3 Rf8 31. Rdf1 Rbe8 32. g4 Bd8 33. Bd5 Nxg4
34. Rf7+ Rxf7 35. Rxf7+ Kh6 36. Bxb7 a5 37. Nd5 Bg5 38. Bc6 Rb8 39. Rf3 Kg7 40.
h3 Nf6 41. Nc7 Kf7 42. Nb5 Ke7 43. Rd3 Rd8 44. a3 Nh5 45. Rf3 Nf4+ 46. Kh2 Rb8
47. Bd5 Kd7 48. Na7 Rb6 49. Nb5 Ke7 50. Kg3 1/2-1/2

[Event "Chervonny Open-2011"]
[Site "?"]
[Date "2011.09.24"]
[Round "4"]
[White "Kroll, Dmitry V"]
[Black "Kovalev, Aleksandr"]
[Result "0-1"]
[WhiteElo "1568"]
[BlackElo "1955"]
[PlyCount "102"]
[EventDate "2011.09.28"]
[SourceDate "2011.09.29"]

1. e4 e5 2. Nf3 Nf6 3. Nxe5 d6 4. Nf3 Nxe4 5. d3 Nf6 6. Be2 Be7 7. Nc3 O-O 8.
O-O c6 9. Bg5 d5 10. d4 Bf5 11. Bd3 Bg6 12. Ne5 Nbd7 13. f4 Be4 14. Re1 Bxd3
15. Qxd3 Nxe5 16. dxe5 Qb6+ 17. Kh1 Ng4 18. Nd1 Bxg5 19. fxg5 Nf2+ 20. Nxf2
Qxf2 21. Re3 Qf4 22. Rf1 Qxg5 23. Rf5 Qe7 24. Rg3 g6 25. Qe3 Rae8 26. Rfg5 Kh8
27. Rh3 f6 28. Rxg6 fxe5 29. Kg1 Rf4 30. Rgh6 Rf7 31. R3h5 Qf8 32. g3 Qg7 33.
Rxh7+ Qxh7 34. Rxh7+ Rxh7 35. Qg5 Rf7 36. Qh6+ Kg8 37. Qg6+ Kf8 38. h4 e4 39.
Qh6+ Ke7 40. h5 Rg8 41. Qe3 b6 42. Kh2 Rf3 43. Qd4 Kd6 44. h6 Rgxg3 45. Qg7
Rh3+ 46. Kg2 e3 47. Qg6+ Kc5 48. Qe6 Rfg3+ 49. Kf1 Rh2 50. Qe7+ Kb5 51. a4+ Ka6
0-1

[Event "Chervonny Open-2011"]
[Site "?"]
[Date "2011.09.24"]
[Round "4"]
[White "Anikeev, Anatoliy"]
[Black "Guseva, Antonina"]
[Result "1-0"]
[WhiteElo "1908"]
[BlackElo "1621"]
[PlyCount "69"]
[EventDate "2011.09.28"]
[SourceDate "2011.09.29"]

1. d4 d5 2. Nf3 c6 3. e3 Nf6 4. Nbd2 Bf5 5. c4 e6 6. a3 Nbd7 7. Be2 Bd6 8. b4
e5 9. dxe5 Nxe5 10. O-O O-O 11. Bb2 Nd3 12. Qb3 Nxb2 13. Qxb2 Bc7 14. Rad1 Ne4
15. cxd5 cxd5 16. Nd4 Qh4 17. N2f3 Qh5 18. Nxf5 Qxf5 19. Qb3 Rad8 20. Rd3 Qh5
21. Qd1 Rfe8 22. g3 Qh3 23. Rxd5 Rxd5 24. Qxd5 b6 25. Bc4 Qe6 26. Qxe6 fxe6 27.
Rc1 Bd6 28. Rd1 Bb8 29. Rd7 Nf6 30. Rb7 Nd5 31. Nd4 Nc7 32. Nc6 a6 33. Nxb8 b5
34. Bb3 Rc8 35. Nxa6 1-0

[Event "Chervonny Open-2011"]
[Site "?"]
[Date "2011.09.24"]
[Round "5"]
[White "Stoletov, Gennadi"]
[Black "Dzera, Evgeniy"]
[Result "1-0"]
[WhiteElo "2246"]
[BlackElo "2177"]
[PlyCount "129"]
[EventDate "2011.09.28"]
[SourceDate "2011.09.29"]

1. e4 c5 2. d4 cxd4 3. c3 g6 4. cxd4 Bg7 5. Nc3 d6 6. Bc4 Nc6 7. Nge2 Bd7 8.
O-O Rc8 9. Bb3 Nf6 10. h3 O-O 11. Be3 Na5 12. Bc2 Nc4 13. Bc1 b5 14. a3 a5 15.
b3 Nb6 16. Bg5 h6 17. Be3 Ne8 18. f4 Qc7 19. Rc1 Qa7 20. Bd3 b4 21. axb4 axb4
22. Ra1 Qb8 23. Na2 Na8 24. Qd2 Bb5 25. Bxb5 Qxb5 26. Nxb4 Nec7 27. Rfc1 Qb7
28. e5 dxe5 29. fxe5 Kh7 30. Nf4 e6 31. Nfd3 Nd5 32. Nxd5 Qxd5 33. Rxc8 Rxc8
34. Nc5 Nc7 35. Ra7 Qd8 36. Nb7 Qd7 37. Nd6 Ra8 38. Rxa8 Nxa8 39. Ne4 Nc7 40.
Nf6+ Bxf6 41. exf6 Nd5 42. Bxh6 Nxf6 43. Bf8 Kg8 44. Bc5 Kg7 45. Qb4 Qc8 46.
Qe1 Nd7 47. b4 Qc6 48. Qf1 f6 49. Qf3 Qb5 50. Qe3 Qc6 51. Qb3 Kf7 52. Kh1 f5
53. b5 Qb7 54. Qa4 Qd5 55. Qa7 e5 56. b6 Ke6 57. b7 exd4 58. Bxd4 Qd6 59. Qa2+
Ke7 60. Qc4 g5 61. Bg1 Qg3 62. Qb4+ Qd6 63. Bc5 Nxc5 64. b8=Q Qxb8 65. Qxb8 1-0

[Event "Chervonny Open-2011"]
[Site "?"]
[Date "2011.09.24"]
[Round "5"]
[White "Nazarov, Valeriy"]
[Black "Popelyshev, Igor V."]
[Result "1-0"]
[WhiteElo "2235"]
[BlackElo "2154"]
[PlyCount "85"]
[EventDate "2011.09.28"]
[SourceDate "2011.09.29"]

1. e4 c5 2. Nf3 Nf6 3. e5 Nd5 4. d4 e6 5. c4 Nb6 6. Nc3 d5 7. Bg5 Qd7 8. cxd5
exd5 9. Bb5 Nc6 10. O-O c4 11. a4 a6 12. e6 fxe6 13. Ne5 Qc7 14. Bxc6+ bxc6 15.
a5 Bc5 16. axb6 Bxb6 17. Qh5+ g6 18. Nxg6 Qf7 19. Nf4 Qxh5 20. Nxh5 Bxd4 21.
Be3 e5 22. Rad1 Bxe3 23. fxe3 Ke7 24. h3 Be6 25. Ng7 Bxh3 26. Nxd5+ cxd5 27.
Rxd5 Bg4 28. Rxe5+ Kd6 29. Rg5 h5 30. Nf5+ Bxf5 31. Rfxf5 Rab8 32. Rf6+ Ke7 33.
Rxa6 Rxb2 34. Rg7+ Kf8 35. Rc7 Rb8 36. Rxc4 Rh7 37. Rac6 Rb1+ 38. Kf2 Re7 39.
Rc7 Rb7 40. Rxb7 Rxb7 41. Rc5 Rf7+ 42. Ke2 Rg7 43. Rc8+ 1-0

[Event "Chervonny Open-2011"]
[Site "?"]
[Date "2011.09.24"]
[Round "5"]
[White "Ivanov, Valery"]
[Black "Gavrilov, Yuri"]
[Result "1-0"]
[WhiteElo "2177"]
[BlackElo "2093"]
[PlyCount "72"]
[EventDate "2011.09.28"]
[SourceDate "2011.09.29"]

1. e4 c5 2. Nf3 Nc6 3. d4 cxd4 4. c3 dxc3 5. Nxc3 e6 6. Bc4 Be7 7. O-O a6 8.
Qe2 d6 9. Rd1 Qc7 10. Bf4 b5 11. Bxb5 axb5 12. Nxb5 Qb8 13. Nxd6+ Bxd6 14. Bxd6
Qb6 15. Rac1 Nge7 16. Bc5 Qa6 17. Qe3 O-O 18. Nd4 Re8 19. Ba3 Bb7 20. Nb3 Rad8
21. Nc5 Rxd1+ 22. Rxd1 Qb5 23. Nxb7 Qxb7 24. Qc5 h6 25. f4 Qa7 26. Qxa7 Nxa7
27. Rd7 Nac6 28. Bc5 Kf8 29. Rc7 Nb8 30. Bd6 f6 31. b4 Kf7 32. b5 g6 33. a4 e5
34. f5 gxf5 35. exf5 Kf8 36. a5 Kg8 1-0